| 000 | 00000cam 2200000zi 4500 |
| 001 | 9.962644 |
| 003 | CaOODSP |
| 005 | 20260507122306 |
| 006 | m o d f |
| 007 | cr bn||||||||| |
| 008 | 260507s2026 onc ol f000 0 fre d |
| 040 | |aCaOODSP|bfre|erda|cCaOODSP |
| 041 | 0 |aeng|afre |
| 043 | |an-cn---|ae-uk---|ap------ |
| 086 | 1 |aYX4-2026/7-PDF |
| 110 | 1 |aCanada.|ejuridiction promulgatrice. |
| 245 | 13|aAn Act to implement the Protocol on the Accession of the United Kingdom of Great Britain and Northern Ireland to the Comprehensive and Progressive Agreement for Trans-Pacific Partnership = |bLoi portant mise en œuvre du Protocole d’adhésion du Royaume-Uni de Grande Bretagne et d’Irlande du Nord à l’Accord de partenariat transpacifique global et progressiste. |
| 246 | 11|aLoi portant mise en œuvre du Protocole d’adhésion du Royaume-Uni de Grande Bretagne et d’Irlande du Nord à l’Accord de partenariat transpacifique global et progressiste |
| 264 | 1|a[Ottawa] : |b[Chambre des communes du Canada], |c2026. |
| 300 | |a1 ressource en ligne (ii, 22 pages). |
| 336 | |atexte|btxt|2rdacontent/fre |
| 337 | |ainformatique|bc|2rdamedia/fre |
| 338 | |aressource en ligne|bcr|2rdacarrier/fre |
| 490 | 1 |aLois du Canada ..., chapitre ... ; |vLois du Canada (2026), chapitre 7, 1re session, 45e législature |
| 500 | |a« Première session, quarante-cinquième législature, 3-4 Charles III, 2025-2026. » |
| 500 | |a« Lois du Canada (2026), chapitre 7. » |
| 500 | |a« Sanctionnée le 6 mai 2026, projet de loi C-13. » |
| 520 | |a« Le texte met en œuvre le Protocole d’adhésion du Royaume-Uni de Grande-Bretagne et d’Irlande du Nord à l’Accord de partenariat transpacifique global et progressiste, fait à Auckland et Bandar Seri Begawan le 16 juillet 2023 en mettant à jour la manière dont cet accord est défini ou mentionné dans certaines lois et enen modifiant d’autres pour donner suite aux obligations du Canada qui sont prévues dans cet accord et à ce protocole» » -- Sommaire, page ii. |
| 546 | |aTexte en anglais et en français. |
| 650 | 6|aCommerce international|xRéglementation|zCanada. |
| 650 | 6|aCommerce international|xRéglementation|zGrande-Bretagne. |
| 650 | 6|aCommerce international|xRéglementation|zPacifique, Région du. |
| 651 | 6|aCanada|xRelations économiques extérieures|zPacifique, Région du. |
| 651 | 6|aGrande-Bretagne|xRelations économiques extérieures|zPacifique, Région du. |
| 651 | 6|aPacifique, Région du|xRelations économiques extérieures|zCanada. |
| 651 | 6|aPacifique, Région du|xRelations économiques extérieures|zGrande-Bretagne. |
| 655 | 7|aLois et codes|2rvmgf |
| 710 | 1 |aCanada. |bParlement. |bChambre des communes, |eorganisme de publication. |
| 788 | |tAn Act to implement the Protocol on the Accession of the United Kingdom of Great Britain and Northern Ireland to the Comprehensive and Progressive Agreement for Trans-Pacific Partnership = |eeng|w(CaOODSP)9.962642 |
| 830 | #0|aLois du Canada ..., chapitre ...|vLois du Canada (2026), chapitre 7, 1re session, 45e législature.|w(CaOODSP)9.500678 |
| 856 | 40|qPDF|s275 Ko|uhttps://publications.gc.ca/collections/collection_2026/lois-statutes/YX4-2026-7.pdf |
| 856 | 4 |qHTML|sS.O.|uhttps://www.parl.ca/documentviewer/fr/45-1/projet-loi/C-13/sanction-royal |